Loading...

A history of islamic societies/

Bibliografiske detaljer
Hovedforfatter: Lapidus, Ira M.
Format: Printed Book
Sprog:English
Udgivet: Cambridge: CUP, 2002.
Udgivelse:Ed.2
LEADER 00651nam a22001697a 4500
008 160823b xxu||||| |||| 00| 0 eng d
020 |a 0-521-77933-2 
082 |2 22nd  |a 327 
100 |a Lapidus, Ira M. 
245 |a A history of islamic societies/ 
250 |a Ed.2 
260 |a Cambridge:  |b CUP,  |c 2002. 
300 |a 970p. 
942 |2 ddc  |c BK 
999 |c 340570  |d 340570 
952 |0 0  |1 0  |4 0  |6 909_097671000000000_LAP_H  |7 0  |9 53459  |a UL  |b UL  |c REF  |d 2012-10-27  |l 0  |o 909.097671 LAP/H  |p 76765  |r 2012-10-27  |w 2012-10-27  |y REF 
952 |0 0  |1 0  |4 0  |6 327_000000000000000_LAP_H  |7 0  |9 391009  |a POL  |b POL  |c ST1  |d 2012-01-31  |g 0.00  |i POL323  |l 0  |o 327 LAP/H  |p POL323  |r 2015-03-04  |w 2018-08-20  |y BK